Clinical Chemistry: techniques,principles,correlations (Record no. 5825)

MARC details
000 -LEADER
fixed length control field 00598nam a22002057a 4500
003 - CONTROL NUMBER IDENTIFIER
control field OSt
005 - DATE AND TIME OF LATEST TRANSACTION
control field 20170410141628.0
008 - FIXED-LENGTH DATA ELEMENTS--GENERAL INFORMATION
fixed length control field 170410b xxu||||| |||| 00| 0 eng d
020 ## - INTERNATIONAL STANDARD BOOK NUMBER
International Standard Book Number 9781451109009
040 ## - CATALOGING SOURCE
Transcribing agency DMLN
082 ## - DEWEY DECIMAL CLASSIFICATION NUMBER
Classification number QY90 B61c 2010
100 ## - MAIN ENTRY--PERSONAL NAME
Personal name Bishop,Michael L.; Fody,Edward P.;Schoeff,Larry E.
9 (RLIN) 12090
245 ## - TITLE STATEMENT
Title Clinical Chemistry: techniques,principles,correlations
250 ## - EDITION STATEMENT
Edition statement 6th ed.
260 ## - PUBLICATION, DISTRIBUTION, ETC. (IMPRINT)
Place of publication, distribution, etc. Philadelphia; Wolters Kluwer,2010
300 ## - PHYSICAL DESCRIPTION
Extent xx,732p; col.ill:28.5cm
504 ## - BIBLIOGRAPHY, ETC. NOTE
Bibliography, etc references and index included
650 ## - SUBJECT ADDED ENTRY--TOPICAL TERM
Source of heading or term clinical chemistry
942 ## - ADDED ENTRY ELEMENTS (KOHA)
Source of classification or shelving scheme Other/Generic Classification Scheme
Koha item type Short Loan
Holdings
Withdrawn status Lost status Source of classification or shelving scheme Damaged status Not for loan Home library Current library Date acquired Source of acquisition Inventory number Total Checkouts Full call number Barcode Date last seen Price effective from Koha item type
    Other/Generic Classification Scheme     Pharmacy Department Library Pharmacy Department Library 10/04/2017   11/00009   QY90 B61c 2010 2017-0792 10/04/2017 10/04/2017 Short Loan